[Event "Cambridge op 2nd"]
[Site "Cambridge"]
[Date "2024.02.21"]
[Round "5"]
[White "Martyn, Rafe"]
[Black "Vardanyan, Aras"]
[Result "0-1"]
[WhiteElo "2206"]
[BlackElo "2299"]
[PlyCount "128"]
[EventDate "2024.02.19"]
[EventType "swiss"]
[EventRounds "9"]
[EventCountry "ENG"]
[SourceTitle "CB09_2024"]
[SourceDate "2024.02.28"]
[SourceVersion "1"]
[SourceVersionDate "2024.02.28"]
[SourceQuality "1"]

1. e4 c5 2. Nf3 d6 3. d4 cxd4 4. Nxd4 Nf6 5. Nc3 Nc6 6. Bg5 e6 7. Qd2 a6 8. 0-0-0 Bd7 9. f4 h6 10. Bh4 Be7 11. Nf3 b5 12. Bxf6 gxf6 13. f5 Qb6 14. fxe6 fxe6 15. g3 Rc8 16. Bh3 Qc5 17. Kb1 Qh5 18. Qg2 Na5 19. Ne2 Nc4 20. Nf4 Qc5 21. Nxe6 Qb4 22. c3 Na3+ 23. Ka1 Qxe4 24. Ned4 Nc4 25. Rhe1 Qb7 26. Bxd7+ Qxd7 27. Ne6 Qb7 28. Qe2 Kf7 29. Nfd4 h5 30. Rf1 b4 31. cxb4 Qxb4 32. Rc1 Qd2 33. Ng5+ Kg6 34. Qe4+ Kh6 35. Nf5+ Kxg5 36. h4+ Kg6 37. Nxd6+ Kh6 38. Nf5+ Kg6 39. Rxc4 Rxc4 40. Qxc4 Bd6 41. Qe4 Be5 42. Ne3+ Kh6 43. Nf5+ Kg6 44. Ne3+ Kh6 45. Nc4 Qd4 46. Qe2 Rb8 47. Nxe5 Qxe5 48. Qf2 Kg6 49. a3 a5 50. Re1 Rxb2 51. Rxe5 Rxf2 52. Rxa5 Rf3 53. Kb2 Rxg3 54. Rb5 Rg4 55. Rb4 f5 56. Kc3 f4 57. a4 f3 58. Rxg4+ hxg4 59. Kd2 g3 60. Ke3 g2 61. Kf2 Kh5 62. a5 Kxh4 63. a6 Kh3 64. Kg1 Kg3 0-1

[Event "Titled Tuesday intern op 06th Feb Early"]
[Site "Chess.com INT"]
[Date "2024.02.06"]
[Round "3"]
[White "Vardanyan, Aras"]
[Black "Esmeraldas Huachi, Anderson Yahir"]
[Result "1-0"]
[WhiteElo "2299"]
[BlackElo "2148"]
[PlyCount "69"]
[EventDate "2024.02.06"]
[EventType "swiss (blitz)"]
[EventRounds "11"]
[EventCountry "USA"]
[SourceTitle "CB07_2024"]
[SourceDate "2024.02.14"]
[SourceVersion "1"]
[SourceVersionDate "2024.02.14"]
[SourceQuality "1"]

1. b3 Nf6 2. Bb2 d5 3. g3 Bf5 4. Bg2 e6 5. d3 Be7 6. Nd2 h6 7. Nh3 0-0 8. 0-0 Bh7 9. e4 c5 10. Qe2 Nc6 11. f4 dxe4 12. dxe4 Nd4 13. Qd3 Nd5 14. a3 Rc8 15. f5 Nb6 16. g4 Bf6 17. Kh1 c4 18. Nxc4 Nxc4 19. bxc4 Nc6 20. Bxf6 Qxf6 21. Nf4 Ne5 22. Qd4 Nxg4 23. Qxf6 Nxf6 24. e5 Ng4 25. fxe6 Nxe5 26. Bd5 Bg6 27. e7 Rfe8 28. Nxg6 Nxg6 29. Bxf7+ Kh7 30. Bxe8 Rxe8 31. Rae1 Rxe7 32. Rxe7 Nxe7 33. Rf7 Nc8 34. c5 b6 35. Rc7 1-0

[Event "Keres Memorial rap 33rd"]
[Site "Tallinn"]
[Date "2024.01.06"]
[Round "3"]
[White "Vardanyan, Aras"]
[Black "Meskovs, Nikita"]
[Result "0-1"]
[WhiteElo "2284"]
[BlackElo "2532"]
[PlyCount "98"]
[EventDate "2024.01.06"]
[EventType "swiss (rapid)"]
[EventRounds "11"]
[EventCountry "EST"]
[SourceTitle "CB02_2024"]
[SourceDate "2024.01.10"]
[SourceVersion "1"]
[SourceVersionDate "2024.01.10"]
[SourceQuality "1"]

1. c4 e6 2. Nc3 d5 3. d4 a6 4. cxd5 exd5 5. Nf3 Nf6 6. Bg5 Be6 7. e3 Nbd7 8. Bd3 c6 9. Qd2 h6 10. Bh4 g5 11. Bg3 Nh5 12. Be5 Ng7 13. Bg3 Nf5 14. Be5 f6 15. Qc2 fxe5 16. Bxf5 Qf6 17. Bg6+ Kd8 18. dxe5 Nxe5 19. Nxe5 Qxe5 20. 0-0 Bd6 21. f4 gxf4 22. exf4 Qf6 23. Rae1 Rf8 24. f5 Bg8 25. Qd2 Kc7 26. Ne2 Rad8 27. b4 d4 28. Nf4 d3 29. Kh1 Qd4 30. a3 a5 31. bxa5 Bxa3 32. Rb1 Bc4 33. a6 b6 34. Ra1 Qb2 35. Qe3 Bc5 36. Qe4 Qd4 37. Ne6+ Bxe6 38. Qxe6 Rf6 39. Qe1 d2 40. Qd1 Rfd6 41. a7 Qxa1 42. Qxa1 d1Q 43. a8Q Qxf1+ 44. Qxf1 Rxa8 45. g3 Bd4 46. Qf4 Ra2 47. Be8 Rf2 48. Qe4 Bf6 49. Bh5 Rdd2 0-1

[Event "Marijampole Buzas Memorial"]
[Site "Marijampole"]
[Date "2023.08.26"]
[Round "9"]
[White "Vardanyan, Aras"]
[Black "Nainys, Zanas1111"]
[Result "0-1"]
[WhiteElo "2275"]
[BlackElo "2012"]
[PlyCount "130"]
[EventDate "2023.08.26"]
[EventType "swiss (rapid)"]
[EventRounds "9"]
[EventCountry "LTU"]
[SourceTitle "EXT 2024"]
[Source "ChessBase"]
[SourceDate "2023.10.10"]
[SourceVersion "1"]
[SourceVersionDate "2023.10.10"]
[SourceQuality "1"]

1. e4 c5 2. Nc3 e6 3. Nge2 Nf6 4. g3 d5 5. exd5 exd5 6. d4 cxd4 7. Nxd4 Nc6 8. Bg2 Bc5 9. Nb3 Bb4 10. 0-0 Bxc3 11. bxc3 0-0 12. Rb1 Bf5 13. Nd4 Nxd4 14. Qxd4 Qd7 15. Bg5 Ne4 16. Be3 Rfc8 17. Rb3 Rc4 18. Qd1 Nxc3 19. Qe1 Rac8 20. Bd2 Re8 21. Qa1 Ne2+ 22. Kh1 Bxc2 23. Re3 Rxe3 24. Bxe3 d4 25. Bd2 Bf5 26. Qd1 d3 27. Qb3 Rc2 28. Rd1 b6 29. Be3 Nc3 30. Rg1 Be6 31. Qa3 Nxa2 32. h4 Nc3 33. Kh2 h6 34. Bf3 Nb5 35. Qa4 Nd6 36. Qf4 Nf5 37. Bd2 Qd4 38. Kg2 Qxf4 39. Bxf4 Ne7 40. Ra1 a5 41. Rb1 Nd5 42. Be4 Nxf4+ 43. gxf4 Rc4 44. Bxd3 Rxf4 45. Rxb6 g6 46. h5 g5 47. Ra6 Rg4+ 48. Kf1 Ra4 49. Kg2 Ra3 50. Bb5 Kg7 51. Be2 Ra2 52. Bd3 Rd2 53. Bb5 Ra2 54. Kg3 Ra3+ 55. Kg2 Ra1 56. Kg3 Rh1 57. Be2 Rg1+ 58. Kh2 Ra1 59. Kg3 Ra3+ 60. Kg2 Ra2 61. Bd3 a4 62. Bb5 a3 63. Kg3 Ra1 64. f4 a2 65. fxg5 Rg1+ 0-1

[Event "Vilnius Elite op"]
[Site "Vilnius"]
[Date "2023.07.08"]
[Round "6"]
[White "Vardanyan, Aras"]
[Black "Posaskov, Nikita"]
[Result "1/2-1/2"]
[WhiteElo "2285"]
[BlackElo "2061"]
[PlyCount "124"]
[EventDate "2023.07.05"]
[EventType "swiss"]
[EventRounds "8"]
[EventCountry "LTU"]
[SourceTitle "CBM 215 Extra"]
[Source "ChessBase"]
[SourceDate "2023.09.30"]
[SourceVersion "1"]
[SourceVersionDate "2023.09.30"]
[SourceQuality "1"]

1. c4 e6 2. Nc3 d5 3. d4 Nf6 4. cxd5 exd5 5. Bg5 c6 6. e3 Be7 7. Bd3 0-0 8. Nge2 Nbd7 9. Qc2 a5 10. 0-0 h6 11. Bh4 Re8 12. Rae1 b5 13. Bg3 Ba6 14. h3 Qb6 15. Rc1 Rac8 16. Rfd1 b4 17. Na4 Qa7 18. Nf4 Bxd3 19. Nxd3 Ne4 20. Bf4 Bf8 21. Qe2 c5 22. dxc5 Ndxc5 23. Ndxc5 Nxc5 24. Qb5 Nxa4 25. Qxa4 Rxc1 26. Rxc1 Rd8 27. Qb5 d4 28. Rc7 Qa8 29. Qc4 Qd5 30. exd4 Qxd4 31. Qxd4 Rxd4 32. g3 f6 33. Ra7 Rd5 34. Kg2 Rb5 35. b3 Rc5 36. Ra8 Rd5 37. Bc7 Kf7 38. Bxa5 Bc5 39. Rc8 Ke6 40. Re8+ Kd7 41. Re2 Kc6 42. Rc2 Kb5 43. Bc7 g5 44. g4 f5 45. gxf5 Rxf5 46. Bg3 h5 47. h4 g4 48. Re2 Bd4 49. Re8 Kc6 50. Rb8 Bc5 51. Rc8+ Kd5 52. Rd8+ Kc6 53. Rh8 Kd5 54. Rd8+ Kc6 55. Rd3 Rd5 56. Rxd5 Kxd5 57. f3 gxf3+ 58. Kxf3 Be7 59. Bf2 Bd6 60. Be1 Kd4 61. Ke2 Be7 62. Bxb4 Ke5 1/2-1/2

[Event "LTU-chT"]
[Site "Lithuania"]
[Date "2023.04.23"]
[Round "7.3"]
[White "Vaznonis, Vytautas"]
[Black "Vardanyan, Aras"]
[Result "1/2-1/2"]
[WhiteElo "2368"]
[BlackElo "2287"]
[PlyCount "52"]
[EventDate "2023.03.04"]
[EventType "team"]
[EventRounds "7"]
[EventCountry "LTU"]
[SourceTitle "EXT 2024"]
[Source "ChessBase"]
[SourceDate "2023.10.10"]
[SourceVersion "1"]
[SourceVersionDate "2023.10.10"]
[SourceQuality "1"]
[WhiteTeam "Kaunas Security"]
[BlackTeam "Vilnius Chess United"]
[WhiteTeamCountry "LTU"]
[BlackTeamCountry "LTU"]

1. c4 e5 2. Nc3 Nf6 3. g3 Bb4 4. Bg2 Bxc3 5. dxc3 h6 6. e4 d6 7. Qe2 0-0 8. f3 Nc6 9. Nh3 a5 10. a4 Nd7 11. Be3 b6 12. Nf2 Nc5 13. 0-0 Qe8 14. Qd1 Ne7 15. Re1 Bd7 16. b3 Bc6 17. Ra2 f5 18. f4 exf4 19. Bxf4 Ne6 20. Nd3 Qg6 21. exf5 Qxf5 22. Rf2 Bxg2 23. Kxg2 Qg6 24. Qe2 Rf6 25. Bxd6 Nf5 26. Be5 Rff8 1/2-1/2

[Event "LTU-ch sf"]
[Site "Vilnius"]
[Date "2023.04.14"]
[Round "6"]
[White "Vardanyan, Aras"]
[Black "Jalanskij, Sergej"]
[Result "1-0"]
[WhiteElo "2288"]
[BlackElo "2015"]
[PlyCount "91"]
[EventDate "2023.04.11"]
[EventType "swiss"]
[EventRounds "9"]
[EventCountry "LTU"]
[SourceTitle "CBM 213 Extra"]
[Source "ChessBase"]
[SourceDate "2023.05.31"]
[SourceVersion "1"]
[SourceVersionDate "2023.05.31"]
[SourceQuality "1"]

1. e4 e6 2. d4 d5 3. e5 c5 4. c3 Qb6 5. Nf3 Nc6 6. Bd3 cxd4 7. 0-0 dxc3 8. Nxc3 Bb4 9. Be3 Qd8 10. Rc1 Nge7 11. a3 Bxc3 12. Rxc3 Ng6 13. Bxg6 hxg6 14. Bc5 f6 15. exf6 gxf6 16. Re1 Kf7 17. b4 b6 18. Bd4 Nxd4 19. Qxd4 Qd6 20. Ng5+ Kg7 21. f4 Bd7 22. Rce3 Rae8 23. h3 Rh4 24. g4 Rhh8 25. Kg2 Rhf8 26. Kg3 Bc8 27. h4 Kg8 28. Nf3 Qd7 29. Rh1 Re7 30. g5 e5 31. fxe5 fxe5 32. Nxe5 Qf5 33. Qxd5+ Be6 34. Qf3 Qc2 35. Qe2 Qc7 36. Qd3 Rf5 37. Rhe1 Rd7 38. Qc3 Qb8 39. Rf3 Rdf7 40. Rxf5 Rxf5 41. Kg2 Qd6 42. Ng4 Rf4 43. Nh6+ Kh7 44. Rxe6 Qf8 45. Qc7+ Kh8 46. Qe5+ 1-0

[Event "EU-ch Blitz"]
[Site "Katowice"]
[Date "2022.12.16"]
[Round "18"]
[White "Petrovskiy, Vadim"]
[Black "Vardanyan, Aras"]
[Result "1-0"]
[WhiteElo "2402"]
[BlackElo "2271"]
[PlyCount "95"]
[EventDate "2022.12.16"]
[EventType "swiss (blitz)"]
[EventRounds "22"]
[EventCountry "POL"]
[SourceTitle "CBM 211 Extra"]
[Source "ChessBase"]
[SourceDate "2023.01.31"]
[SourceVersion "1"]
[SourceVersionDate "2023.01.31"]
[SourceQuality "1"]

1. e4 c5 2. Nf3 d6 3. d4 cxd4 4. Nxd4 Nf6 5. Nc3 Nc6 6. Bg5 g6 7. Bxf6 exf6 8. Qd2 Bg7 9. Bb5 Bd7 10. Nb3 Be6 11. 0-0-0 0-0 12. Qxd6 Qb6 13. Qc5 f5 14. Qxb6 axb6 15. exf5 Bxb3 16. cxb3 Bxc3 17. bxc3 Rxa2 18. Rhf1 Rfa8 19. fxg6 hxg6 20. Ba4 Re8 21. Bb5 Rea8 22. Bd3 Kg7 23. Bb1 R2a3 24. Kb2 R3a5 25. Rfe1 Rh8 26. h3 Rg5 27. Be4 b5 28. Rd7 Re8 29. Rxb7 Na5 30. Ra7 Nc6 31. Rc7 Ne5 32. f4 Nd3+ 33. Bxd3 Rxg2+ 34. Re2 Rexe2+ 35. Bxe2 Rxe2+ 36. Ka3 Rf2 37. Kb4 Rxf4+ 38. Kxb5 g5 39. b4 Rf3 40. c4 Rxh3 41. c5 g4 42. Rd7 g3 43. Rd1 g2 44. Rg1 Rg3 45. c6 Kh6 46. c7 Rg8 47. Rxg2 Rc8 48. Kc6 1-0

[Event "EU-ch Blitz"]
[Site "Katowice"]
[Date "2022.12.16"]
[Round "12"]
[White "Vardanyan, Aras"]
[Black "Kossobudzki, Robert"]
[Result "1-0"]
[WhiteElo "2271"]
[BlackElo "1989"]
[PlyCount "68"]
[EventDate "2022.12.16"]
[EventType "swiss (blitz)"]
[EventRounds "22"]
[EventCountry "POL"]
[SourceTitle "CBM 211 Extra"]
[Source "ChessBase"]
[SourceDate "2023.01.31"]
[SourceVersion "1"]
[SourceVersionDate "2023.01.31"]
[SourceQuality "1"]

1. Nf3 d5 2. b4 Nf6 3. Bb2 e6 4. a3 a5 5. b5 c5 6. e3 Be7 7. c4 0-0 8. d4 b6 9. Nbd2 Bb7 10. Bd3 Nbd7 11. 0-0 Rc8 12. Qe2 cxd4 13. exd4 dxc4 14. Nxc4 Nd5 15. g3 Rc7 16. Rac1 Re8 17. Nce5 Nxe5 18. Nxe5 Bf6 19. Rxc7 Qxc7 20. Rc1 Qd6 21. Bxh7+ Kf8 22. Bd3 Ne7 23. Qh5 Bxe5 24. Qxe5 Qxe5 25. dxe5 Rd8 26. Rd1 Bf3 27. Be2 Rxd1+ 28. Bxd1 Bxd1 29. f4 Be2 30. Bd4 Nd5 31. a4 Bd1 32. Kf2 Bxa4 33. g4 Bxb5 34. f5 Bd3 1-0

[Event "EU-ch Blitz"]
[Site "Katowice"]
[Date "2022.12.16"]
[Round "17"]
[White "Vardanyan, Aras"]
[Black "Petrovskiy, Vadim"]
[Result "1-0"]
[WhiteElo "2271"]
[BlackElo "2402"]
[PlyCount "92"]
[EventDate "2022.12.16"]
[EventType "swiss (blitz)"]
[EventRounds "22"]
[EventCountry "POL"]
[SourceTitle "CBM 211 Extra"]
[Source "ChessBase"]
[SourceDate "2023.01.31"]
[SourceVersion "1"]
[SourceVersionDate "2023.01.31"]
[SourceQuality "1"]

1. c4 e5 2. g3 Nf6 3. Bg2 d5 4. cxd5 Nxd5 5. Nf3 Nc6 6. 0-0 Be7 7. d4 e4 8. Ne5 Bf5 9. Nxc6 bxc6 10. Nc3 Nxc3 11. bxc3 0-0 12. Qc2 Qd5 13. Be3 Rfe8 14. c4 Qe6 15. Rfd1 Bf6 16. Rab1 Rab8 17. Qa4 Rxb1 18. Rxb1 Rd8 19. Rd1 h6 20. h4 Bg4 21. Rd2 h5 22. Kh2 Bf5 23. Qa5 Qxc4 24. Qxf5 c5 25. Qxe4 cxd4 26. Bg5 Bxg5 27. hxg5 g6 28. e3 c5 29. exd4 cxd4 30. Qd3 Qc5 31. f4 Qd6 32. Qe4 Qc5 33. Bf1 Qc3 34. Rc2 Qa5 35. Bc4 Qb6 36. Rd2 Qd6 37. Bb3 Kf8 38. Qe5 Qxe5 39. fxe5 Ke7 40. Kg2 d3 41. Kf3 Rd4 42. Ke3 Rg4 43. Rxd3 Rxg3+ 44. Ke4 Rxg5 45. Rc3 Rg4+ 46. Kf3 Kf8 1-0